000 00897nam a2200229Ii 4500
003 JO-AjNU
008 230605s9999||||xx |||||||||||||| ||und||
017 _a2020/6/1821
020 _a978-9923-28-051-5
040 _aJO-AjNU
_bara
_erda
_cJO-AjNU
041 _aara
050 1 4 _aHQ728.2022
100 3 _aتأليف سامي، هاجر,
_eauthor
_961530
245 0 0 _aالمشكلات الاسرية والصمت الزوجي
250 _aالطبعة الاولى
264 3 1 _aعمان: دار صفاء للنشر والتوزيع، 2022
300 _a153ص
_b ويحتوي على قائمة مراجع من ص149-ص153
336 _atext
_btxt
_2rdacontent
337 _aunmediated
_bn
_2rdamedia
338 _avolume
_bnc
_2rdacarrier
650 4 _aالعلاقات داخل الاسرة-الحقوق الاسرية-التفكك الاسري-المشاكل الاجتماعية
_961531
999 _aA27817
_c31385
_d31385